000 00406nam a2200145Ia 4500
008 231217s9999 xx 000 0 und d
041 _aEnglish
082 _a001.6424BAS PET1;1 R
100 _aPetrautsos, Evangelos Mansfield, Richard
245 0 _aVisual basic.net : power tools
260 _c2004
_bBPB
_aNew Delhi
300 _axxii+694
650 _aVisual,basic.net,:,power,tools
942 _cAA
999 _c171276
_d171276